| 000 | 00648nam a2200181 a 4500 | ||
|---|---|---|---|
| 008 | 080516s2008 xx |||||||||||||| || u | ||
| 020 | _a9780821374139 | ||
| 050 | _aIBRD(02) | ||
| 100 | _aXu, Zhimei | ||
| 245 | 1 | 0 |
_aMigration and remmittances factbook 2008 _cCompiled by Dilip Ratha and Zhimei Xu |
| 260 |
_a _bWorld Bank _c2008 |
||
| 300 | _axiv, 240p. :ill | ||
| 350 | _a0.00 | ||
| 650 | _aEMIGRANT REMITTANCES | ||
| 700 | _aRatha, Dilip | ||
| 710 | _aWorld Bank | ||
| 995 |
_D0.00 _FCBU-MAIN LIBRARY (Kitwe) _H1 _I0.00 _M1 _UAVAILABLE _WAug 27, 2008 _ZInternational Publications |
||
| 999 |
_c51210 _d51210 |
||